| 000 | 00694cam a2200181ua 4500 | ||
|---|---|---|---|
| 020 | _c3.90 | ||
| 041 |
_aeng _h |
||
| 082 |
_a581 _bBOL/PL |
||
| 100 | _aBold, Harold C . | ||
| 110 | 1 |
_aBo . _b _c() |
|
| 245 |
_aPlant kingdom / _cHarold C Bold. _hTextual Documents |
||
| 260 |
_aNew Delhi : _bPrentice Hall of India Pvt Ltd. , _c1963. |
||
| 300 | _a114 ; . | ||
| 365 | _a3.90 | ||
| 504 | _a | ||
| 942 | _cBK | ||
| 999 |
_c10813 _d10813 |
||